| 000 | 00519nam a22001817a 4500 | ||
|---|---|---|---|
| 003 | SISC | ||
| 005 | 20160404104809.0 | ||
| 008 | 140426b xxu||||| |||| 00| 0 eng d | ||
| 020 | _a0534174787 | ||
| 050 |
_aHV 11 _b.R84 1993 |
||
| 100 | _aRubin, Allen | ||
| 245 |
_aResearch methods for social work / _cAllen Rubin, Earl Babbie. |
||
| 260 |
_aCalifornia : _bBrooks/Cole Pub., _c1993. |
||
| 300 |
_a723 p. : _bill. ; _c23 cm. |
||
| 648 |
_aSocial sciences _vResearch _xMethodology |
||
| 942 |
_2lcc _cBK |
||
| 999 |
_c115511 _d115511 |
||